Aplikované jazyky v univerzitnom kontexte VI recenzovaný zborník vedeckých prác

Enregistré dans:
Détails bibliographiques
Collectivités auteurs: Čítanie z didaktického, lingvistického a literárnovedného hľadiska, Technická univerzita vo Zvolene. Ústav cudzích jazykov
Autres auteurs: Balážová, Žaneta, Danihelová, Zuzana, Ľupták, Marek, Veverková, Darina, Chovancová, Katarína, Štulajterová, Alena, Zázrivcová, Monika
Format: Livre
Langue:slovaque
anglais
Publié: Zvolen Technická univerzita vo Zvolene 2019
Édition:1. vydanie
Sujets:
Tags: Ajouter un tag
Pas de tags, Soyez le premier à ajouter un tag!

MARC

LEADER 00000nam a2200000 4500
001 0259656
005 20240822101707.0
020 |a 978-80-228-3176-5 
041 0 |a slo 
041 0 |a eng 
044 |a SK 
245 1 0 |a Aplikované jazyky v univerzitnom kontexte VI  |b recenzovaný zborník vedeckých prác  |c editori: Žaneta Balážová, Zuzana Danihelová, Marek Ľupták, Darina Veverková 
250 |a 1. vydanie 
264 1 |a Zvolen  |b Technická univerzita vo Zvolene  |c 2019 
300 |a [271 s.] 
610 2 0 |a jazyky cudzie 
610 2 0 |a univerzity 
610 2 0 |a jazyk odborný 
700 1 |a Balážová, Žaneta 
700 1 |a Danihelová, Zuzana 
700 1 |a Ľupták, Marek 
700 1 |a Veverková, Darina 
700 1 |a Chovancová, Katarína 
700 1 |a Štulajterová, Alena 
700 1 |a Zázrivcová, Monika 
110 2 |a Čítanie z didaktického, lingvistického a literárnovedného hľadiska 
710 2 |a Technická univerzita vo Zvolene. Ústav cudzích jazykov